000
00214nam a22000857a 4500
008
161108b xxu||||| |||| 00| 0 eng d
100
_9
1047
_a
Futehally l
245
_a
This Earth of ours
260
_a
New Delhi
_b
A B T
_c
2006
999
_c
3702
_d
3702